Introduction to wind turbine aerodynamics\ (Record no. 590136)

000 -LEADER
fixed length control field 00484nam a22001817a 4500
003 - CONTROL NUMBER IDENTIFIER
control field NUST
005 - DATE AND TIME OF LATEST TRANSACTION
control field 20220607111754.0
008 - FIXED-LENGTH DATA ELEMENTS--GENERAL INFORMATION
fixed length control field 220607b ||||| |||| 00| 0 eng d
020 ## - INTERNATIONAL STANDARD BOOK NUMBER
International Standard Book Number 978-3-030-41030-8
038 ## - RECORD CONTENT LICENSOR
Staff Name Muzammil
082 ## - DEWEY DECIMAL CLASSIFICATION NUMBER
Classification number 621.042
Author Mark SCH
100 ## - MAIN ENTRY--PERSONAL NAME
Personal name Schaffarczyk,A.P.
9 (RLIN) 92032
245 ## - TITLE STATEMENT
Title Introduction to wind turbine aerodynamics\
Statement of responsibility, etc. A.P. Schaffarczyk.
250 ## - EDITION STATEMENT
Edition statement 2nd
260 ## - PUBLICATION, DISTRIBUTION, ETC.
Place of publication, distribution, etc. Switzerland,
Name of publisher, distributor, etc. Springer,
Date of publication, distribution, etc. 2020.
300 ## - PHYSICAL DESCRIPTION
Extent xxxiv,291p.;
942 ## - ADDED ENTRY ELEMENTS (KOHA)
Source of classification or shelving scheme
Koha item type Book
Holdings
Withdrawn status Lost status Source of classification or shelving scheme Damaged status Not for loan Permanent Location Current Location Shelving location Date acquired Total Checkouts Full call number Barcode Date last seen Price effective from Koha item type
          School of Mechanical & Manufacturing Engineering (SMME) School of Mechanical & Manufacturing Engineering (SMME) General Stacks 06/07/2022   621.042 SCH SMME-3730 06/07/2022 06/07/2022 Book
© 2023 Central Library, National University of Sciences and Technology. All Rights Reserved.